Cinco siglos de obras maestras de la pintura en colecciones norteamericanas cedidas en préstamo a Costa Rica. (Record no. 163)

MARC details
000 -CABECERA
campo de control de longitud fija 00733nam a2200217 a 4500
001 - NÚMERO DE CONTROL
campo de control BRCA_194
005 - FECHA Y HORA DE LA ÚLTIMA TRANSACCIÓN
campo de control 20190320202921.0
008 - DATOS DE LONGITUD FIJA--INFORMACIÓN GENERAL
campo de control de longitud fija 800904s1978 miua---##b---#001-0#spa-#
020 ## - NÚMERO INTERNACIONAL ESTÁNDAR DEL LIBRO
Número Internacional Estándar del Libro 0895580721
041 ## - CÓDIGO DE LENGUA
Código de lengua del texto/banda sonora o título independiente spa
044 ## - CÓDIGO DEL PAÍS DE LA ENTIDAD EDITORA/PRODUCTORA
Código MARC del país miua
050 #4 - SIGNATURA TOPOGRÁFICA DE LA BIBLIOTECA DEL CONGRESO
Número de clasificación ND467
Número de documento/Ítem .C56 1978
245 10 - MENCIÓN DE TÍTULO
Título Cinco siglos de obras maestras de la pintura en colecciones norteamericanas cedidas en préstamo a Costa Rica.
260 ## - PUBLICACIÓN, DISTRIBUCIÓN, ETC.
Lugar de publicación, distribución, etc. [Detroit]
Nombre del editor, distribuidor, etc. Detroit Institute of Arts
Fecha de publicación, distribución, etc. c1978
300 ## - DESCRIPCIÓN FÍSICA
Extensión 118 p.
Otras características físicas il. (algunas a color)
Dimensiones 23 cm.
500 ## - NOTA GENERAL
Nota general Incluye índice
504 ## - NOTA DE BIBLIOGRAFÍA, ETC.
Nota de bibliografía, etc. Bibliografia: p. 115-116
650 14 - PUNTO DE ACCESO ADICIONAL DE MATERIA--TÉRMINO DE MATERIA
Término de materia o nombre geográfico como elemento de entrada Pintura europea
Subdivisión general Exposiciones
Subdivisión cronológica Siglo XV al XX
9 (RLIN) 706
650 14 - PUNTO DE ACCESO ADICIONAL DE MATERIA--TÉRMINO DE MATERIA
Término de materia o nombre geográfico como elemento de entrada Pintura estadounidense
Subdivisión general Exposiciones
Subdivisión cronológica Siglo XV al XX
9 (RLIN) 707
942 ## - ELEMENTOS DE PUNTO DE ACCESO ADICIONAL (KOHA)
Fuente del sistema de clasificación o colocación Library of Congress Classification
Tipo de ítem Koha Libros
Holdings
Estado de retiro Estado de pérdida Estado dañado No para préstamo Localización permanente Ubicación/localización actual Fecha de adquisición Total de préstamos Signatura topográfica completa Código de barras Fecha visto por última vez Precio válido a partir de Tipo de ítem Koha
El ejemplar forma parte de la colección y puede ser consultado según las políticas vigentes.       Biblioteca del Museo Franz Mayer (Rogerio Casas-Alatriste) Biblioteca del Museo Franz Mayer (Rogerio Casas-Alatriste) 25/06/2008   ND467 .C56 1978 00259 22/03/2019 22/03/2019 Libros